000 00373nam a22001697a 4500
005 20260407154805.0
008 160627b xxu||||| |||| 00| 0 eng d
020 _a0-340-91083-6
041 _aeng
082 _a823.912
100 _aBlyton, Enid
_92893
245 _aThe famous five
260 _bHodder
_c2005
300 _a248
650 _aManagement
942 _cBK
999 _c4146
_d4145